[Event "CZE-chT2A 1718"]
[Site "Czech Republic"]
[Date "2018.04.08"]
[Round "11.6"]
[White "Ralis, Petr"]
[Black "Vodicka, Vlastimil"]
[Result "1-0"]
[WhiteElo "2184"]
[BlackElo "2089"]
[PlyCount "57"]
[EventDate "2017.10.15"]
[EventType "team-tourn"]
[EventRounds "11"]
[EventCountry "CZE"]
[SourceTitle "EXT 2022"]
[Source "ChessBase"]
[SourceDate "2021.10.06"]
[SourceVersion "1"]
[SourceVersionDate "2021.10.06"]
[SourceQuality "1"]
[WhiteTeam "Podborany"]
[BlackTeam "Vysehrad II"]
[WhiteTeamCountry "CZE"]
[BlackTeamCountry "CZE"]

1. e4 c5 2. Nf3 d6 3. d3 Nc6 4. g3 g6 5. Bg2 Bg7 6. 0-0 e5 7. c3 Nh6 8. a3 a5 9. a4 0-0 10. Na3 f5 11. Qb3+ Nf7 12. Ng5 Qe7 13. exf5 Bxf5 14. Bd5 Ncd8 15. Ne4 Kh8 16. Nc4 Ra6 17. Ne3 Bh3 18. Ng2 Bh6 19. Be3 Qc7 20. Qc4 Rb6 21. Rab1 Qe7 22. b4 axb4 23. cxb4 Bxe3 24. fxe3 Rxb4 25. Rxb4 cxb4 26. Qxb4 Nc6 27. Qc3 Ng5 28. Rxf8+ Qxf8 29. Nxg5 1-0

[Event "CZE-chT2A 1718"]
[Site "Czech Republic"]
[Date "2017.12.03"]
[Round "4.6"]
[White "Vodicka, Vlastimil"]
[Black "Fryc, Miroslav"]
[Result "1/2-1/2"]
[WhiteElo "2089"]
[BlackElo "2153"]
[PlyCount "51"]
[EventDate "2017.10.15"]
[EventType "team-tourn"]
[EventRounds "11"]
[EventCountry "CZE"]
[SourceTitle "EXT 2022"]
[Source "ChessBase"]
[SourceDate "2021.10.06"]
[SourceVersion "1"]
[SourceVersionDate "2021.10.06"]
[SourceQuality "1"]
[WhiteTeam "Vysehrad II"]
[BlackTeam "Karlovy Vary Tietz"]
[WhiteTeamCountry "CZE"]
[BlackTeamCountry "CZE"]

1. d4 Nf6 2. c4 g6 3. Nc3 Bg7 4. e4 d6 5. Nf3 0-0 6. Be2 e5 7. dxe5 dxe5 8. Qxd8 Rxd8 9. Bg5 Re8 10. Nd5 Nxd5 11. cxd5 c6 12. Bc4 Bd7 13. 0-0 cxd5 14. Bxd5 Nc6 15. Rac1 Rac8 16. Rfd1 Bg4 17. h3 Bxf3 18. gxf3 Nd4 19. Kg2 b6 20. Bb7 Rxc1 21. Rxc1 h6 22. Be3 Re7 23. Bd5 Kh7 24. Rc8 Bf6 25. b3 Bg5 26. a4 1/2-1/2

[Event "CZE-chT rap"]
[Site "Pardubice"]
[Date "2017.07.15"]
[Round "4.1"]
[White "Cerveny, Martin"]
[Black "Vodicka, Vlastimil"]
[Result "1/2-1/2"]
[WhiteElo "2379"]
[BlackElo "2089"]
[PlyCount "117"]
[EventDate "2017.07.13"]
[EventType "team-swiss"]
[EventRounds "7"]
[EventCountry "CZE"]
[SourceTitle "EXT 2018"]
[Source "ChessBase"]
[SourceDate "2017.10.13"]
[SourceVersion "1"]
[SourceVersionDate "2017.10.13"]
[SourceQuality "1"]
[WhiteTeam "Lysa nad Labem Joly"]
[BlackTeam "Vysehrad"]
[WhiteTeamCountry "CZE"]
[BlackTeamCountry "CZE"]

1. d4 Nf6 2. Nf3 g6 3. g3 Bg7 4. Bg2 0-0 5. 0-0 c6 6. c4 d6 7. Nc3 Nbd7 8. d5 cxd5 9. cxd5 Nc5 10. Be3 a5 11. Bd4 Bf5 12. Nd2 e5 13. dxe6 Bxe6 14. Nde4 Ncxe4 15. Nxe4 Nxe4 16. Bxe4 Bxd4 17. Qxd4 Qe7 18. Rfd1 Rfd8 19. h4 Rac8 20. b3 Rc5 21. Rd2 h5 22. Rad1 b6 23. Bf3 b5 24. Qf4 Rf5 25. Qe3 Rc5 26. Qh6 b4 27. Rd4 Rd7 28. Qd2 Bf5 29. e4 Be6 30. Qf4 Rc2 31. R1d2 Rxd2 32. Rxd2 Kg7 33. Bg2 Qf6 34. Qe3 Qc3 35. Qxc3+ bxc3 36. Rc2 Rc7 37. Bf1 Rc5 38. Bd3 f5 39. f3 Kf6 40. Kf2 fxe4 41. fxe4 Ke5 42. Ke3 Rc8 43. Rf2 Bg4 44. Bc2 Be6 45. Rf1 a4 46. bxa4 Bxa2 47. a5 Bc4 48. Ra1 Ba6 49. Rd1 Rc5 50. Rd5+ Rxd5 51. exd5 Kxd5 52. Bxg6 Kc4 53. Bxh5 d5 54. Be2+ Kb3 55. Bd1+ Kb2 56. Kd4 Be2 57. Ba4 Bb5 58. Bd1 Be2 59. Ba4 1/2-1/2

[Event "CZE-chT2C 1617"]
[Site "Czech Republic"]
[Date "2017.01.29"]
[Round "7.7"]
[White "Zikmund, Alexandr"]
[Black "Vodicka, Vlastimil"]
[Result "0-1"]
[WhiteElo "1865"]
[BlackElo "2088"]
[PlyCount "76"]
[EventDate "2016.10.09"]
[EventType "team-tourn"]
[EventRounds "11"]
[EventCountry "CZE"]
[SourceTitle "EXT 2022"]
[Source "ChessBase"]
[SourceDate "2021.10.06"]
[SourceVersion "1"]
[SourceVersionDate "2021.10.06"]
[SourceQuality "1"]
[WhiteTeam "Prachatice"]
[BlackTeam "Vysehrad II"]
[WhiteTeamCountry "CZE"]
[BlackTeamCountry "CZE"]

1. e4 c5 2. Nf3 d6 3. d4 cxd4 4. Nxd4 Nf6 5. Nc3 Nc6 6. Be3 e6 7. Qd2 Be7 8. h3 0-0 9. Be2 a6 10. a4 Qc7 11. 0-0 Bd7 12. f4 Na5 13. Qd3 Rac8 14. Nb3 Nc4 15. Bc1 b5 16. axb5 axb5 17. Qd4 Ra8 18. Rxa8 Rxa8 19. Bd3 Rc8 20. Qf2 b4 21. Nd1 e5 22. Nd2 d5 23. Qe2 exf4 24. exd5 Ne5 25. c4 bxc3 26. Nxc3 Re8 27. Bb5 Bc5+ 28. Kh1 Neg4 29. Qf3 Ne3 30. Bxd7 Qxd7 31. Re1 Nexd5 32. Rxe8+ Qxe8 33. Nxd5 Nxd5 34. Qe4 Qxe4 35. Nxe4 Bd4 36. b4 Be3 37. Bxe3 fxe3 38. Kg1 Nxb4 0-1

[Event "CZE-chT1W 1617"]
[Site "Czech Republic"]
[Date "2016.12.04"]
[Round "4.6"]
[White "Rodshtein, Tereza"]
[Black "Vodicka, Vlastimil"]
[Result "0-1"]
[WhiteElo "2207"]
[BlackElo "2075"]
[PlyCount "76"]
[EventDate "2016.10.16"]
[EventType "team-tourn"]
[EventRounds "11"]
[EventCountry "CZE"]
[SourceTitle "CBM 177 Extra"]
[Source "ChessBase"]
[SourceDate "2017.04.27"]
[SourceVersion "1"]
[SourceVersionDate "2017.04.27"]
[SourceQuality "1"]
[WhiteTeam "Turnov Zikuda"]
[BlackTeam "Vysehrad"]
[WhiteTeamCountry "CZE"]
[BlackTeamCountry "CZE"]

1. e4 c5 2. Nf3 d6 3. d4 cxd4 4. Nxd4 Nf6 5. Nc3 Nc6 6. Be2 e5 7. Nb3 Be7 8. 0-0 0-0 9. Be3 Be6 10. Bf3 a5 11. Nd5 Bxd5 12. exd5 Nb4 13. a3 Na6 14. a4 Nd7 15. Be2 Nac5 16. Nxc5 Nxc5 17. Bc4 Kh8 18. Qh5 Rc8 19. b3 g6 20. Qe2 Bf6 21. Rad1 Bg7 22. f4 f5 23. fxe5 Bxe5 24. Bd4 Bxd4+ 25. Rxd4 Re8 26. Qf2 Qf6 27. Bb5 Ne4 28. Qe3 Rc3 29. Rd3 Re7 30. Rxc3 Nxc3 31. Qd2 Qe5 32. Bc4 Kg7 33. Rf3 Ne4 34. Qe3 Qa1+ 35. Rf1 Qf6 36. Re1 f4 37. Qd3 Qe5 38. Qe2 Qd4+ 0-1

[Event "CZE-chT2A 1516"]
[Site "Czech Republic"]
[Date "2016.01.24"]
[Round "6.5"]
[White "Vodicka, Vlastimil"]
[Black "Lorencova, Vera"]
[Result "1-0"]
[WhiteElo "2101"]
[BlackElo "1912"]
[PlyCount "103"]
[EventDate "2015.10.18"]
[EventType "team-tourn"]
[EventRounds "11"]
[EventCountry "CZE"]
[SourceTitle "EXT 2022"]
[Source "ChessBase"]
[SourceDate "2021.10.06"]
[SourceVersion "1"]
[SourceVersionDate "2021.10.06"]
[SourceQuality "1"]
[WhiteTeam "Vysehrad II"]
[BlackTeam "Karlovy Vary"]
[WhiteTeamCountry "CZE"]
[BlackTeamCountry "CZE"]

1. d4 Nf6 2. Nf3 c5 3. d5 d6 4. c4 b5 5. cxb5 a6 6. e3 g6 7. Nc3 Bg7 8. a4 0-0 9. Bd2 Nbd7 10. Be2 Ng4 11. h3 Nge5 12. 0-0 Qb6 13. a5 Qb8 14. b6 Bb7 15. Nxe5 Nxe5 16. f4 Nd7 17. Bc4 f5 18. Qe2 Nf6 19. Rad1 Re8 20. b3 e5 21. dxe6 d5 22. Bd3 Rxe6 23. Na4 Qc8 24. Rc1 Bf8 25. Nxc5 Bxc5 26. b4 Bxe3+ 27. Qxe3 Rxe3 28. Rxc8+ Rxc8 29. Bxe3 Rc3 30. Bd4 Rxd3 31. Bxf6 Kf7 32. Be5 d4 33. Rc1 Rc3 34. Rxc3 dxc3 35. Bxc3 Ke6 36. g4 Kd5 37. gxf5 gxf5 38. Kf2 Ke4 39. Be5 Kd3 40. Kg3 Kc4 41. Bd6 Kd5 42. Bf8 Ke4 43. Bh6 Bc8 44. Kh4 Kf3 45. Kh5 Kg3 46. h4 Bb7 47. Bg5 Bc8 48. Kh6 Kg4 49. Kxh7 Kh5 50. Kg7 Bb7 51. Kf6 Bc8 52. Ke7 1-0

[Event "CZE-chT2C 1415"]
[Site "Czech Republic"]
[Date "2014.11.30"]
[Round "3.6"]
[White "Vodicka, Vlastimil"]
[Black "Hollan, Martin"]
[Result "1-0"]
[WhiteElo "2080"]
[BlackElo "2012"]
[PlyCount "57"]
[EventDate "2014.11.02"]
[EventType "team-tourn"]
[EventRounds "11"]
[EventCountry "CZE"]
[SourceTitle "EXT 2022"]
[Source "ChessBase"]
[SourceDate "2021.10.06"]
[SourceVersion "1"]
[SourceVersionDate "2021.10.06"]
[SourceQuality "1"]
[WhiteTeam "Vysehrad II"]
[BlackTeam "Praha Oaza"]
[WhiteTeamCountry "CZE"]
[BlackTeamCountry "CZE"]

1. d4 Nf6 2. c4 e6 3. Nf3 b6 4. Nc3 Bb7 5. e3 d5 6. Bd3 Be7 7. 0-0 0-0 8. b3 Nbd7 9. Bb2 c5 10. Qe2 Rc8 11. Rac1 Qc7 12. Rfd1 Rfd8 13. Ne5 Nxe5 14. dxe5 Ne4 15. Nb5 Qb8 16. f3 Ng5 17. h4 Nxf3+ 18. Qxf3 dxc4 19. Be4 Bxe4 20. Qxe4 cxb3 21. axb3 a6 22. Nd6 Bxd6 23. exd6 Rxd6 24. Qg4 g6 25. Qg5 Rcd8 26. Rxd6 Qxd6 27. Be5 Qd2 28. Qf6 Qxc1+ 29. Kh2 1-0

[Event "CZE-chT2A 1314"]
[Site "Czech Republic"]
[Date "2014.01.05"]
[Round "5.5"]
[White "Valenz, Miroslav"]
[Black "Vodicka, Vlastimil"]
[Result "0-1"]
[WhiteElo "2182"]
[BlackElo "2097"]
[PlyCount "82"]
[EventDate "2013.11.03"]
[EventType "team-tourn"]
[EventRounds "11"]
[EventCountry "CZE"]
[SourceTitle "EXT 2015"]
[Source "ChessBase"]
[SourceDate "2014.11.20"]
[SourceVersion "1"]
[SourceVersionDate "2014.11.20"]
[SourceQuality "1"]
[WhiteTeam "Domazlice"]
[BlackTeam "Vysehrad II"]
[WhiteTeamCountry "CZE"]
[BlackTeamCountry "CZE"]

1. e4 c5 2. Nf3 e6 3. d3 Nc6 4. g3 d6 5. Bg2 Nf6 6. 0-0 Be7 7. Nc3 Rb8 8. a4 a6 9. Nd2 b5 10. f4 Qc7 11. g4 b4 12. Ncb1 e5 13. f5 h6 14. h4 Qd8 15. c4 Nd7 16. Nf3 Bxh4 17. Nxh4 Qxh4 18. Be3 Nf6 19. Rf3 Nxg4 20. Bd2 Nd4 21. Rh3 Nf2 22. Rxh4 Nxd1 23. Ra2 b3 24. Ra3 Nc2 25. Bc1 Nxa3 26. bxa3 Nc3 27. Nxc3 b2 28. Bxb2 Rxb2 29. Nd5 Bb7 30. f6 g5 31. Rh3 Bxd5 32. exd5 h5 33. Rf3 Kd7 34. Rf5 Rg8 35. Bf3 g4 36. Be4 Rg6 37. Rf1 Rg5 38. Bf5+ Kd8 39. a5 h4 40. Be6 h3 41. Bxf7 g3 0-1

[Event "CZE-chT2A 1314"]
[Site "Czech Republic"]
[Date "2013.12.15"]
[Round "4.5"]
[White "Vodicka, Vlastimil"]
[Black "Janocko, Petr"]
[Result "1/2-1/2"]
[WhiteElo "2097"]
[BlackElo "2056"]
[PlyCount "81"]
[EventDate "2013.11.03"]
[EventType "team-tourn"]
[EventRounds "11"]
[EventCountry "CZE"]
[SourceTitle "EXT 2015"]
[Source "ChessBase"]
[SourceDate "2014.11.20"]
[SourceVersion "1"]
[SourceVersionDate "2014.11.20"]
[SourceQuality "1"]
[WhiteTeam "Vysehrad II"]
[BlackTeam "Plzen Letna"]
[WhiteTeamCountry "CZE"]
[BlackTeamCountry "CZE"]

1. d4 Nf6 2. Nf3 d5 3. e3 g6 4. c4 c6 5. Nc3 Bg7 6. Qb3 0-0 7. Be2 dxc4 8. Qxc4 Nbd7 9. 0-0 Nb6 10. Qd3 Be6 11. e4 Bc4 12. Qd1 Bxe2 13. Qxe2 Qc8 14. h3 Qe6 15. Ng5 Qc4 16. Qxc4 Nxc4 17. b3 Nb6 18. Be3 h6 19. Nf3 Nfd7 20. Rac1 f5 21. exf5 gxf5 22. Bf4 Nf6 23. Rfe1 Nbd5 24. Nxd5 Nxd5 25. Be5 Rad8 26. Bxg7 Kxg7 27. Re5 Rd6 28. Kf1 Kf6 29. g3 Nb4 30. Re2 Rfd8 31. a3 Na6 32. Rce1 e6 33. Re5 Nc7 34. a4 b5 35. Rc5 Na6 36. Rce5 Nb4 37. axb5 cxb5 38. d5 Nxd5 39. Nd4 Nc7 40. Nxb5 Nxb5 41. Rxb5 1/2-1/2

[Event "CZE-chT2B 1213"]
[Site "Czech Republic"]
[Date "2013.03.03"]
[Round "10.3"]
[White "Pokorny, Petr"]
[Black "Vodicka, Vlastimil"]
[Result "1/2-1/2"]
[WhiteElo "2211"]
[BlackElo "2124"]
[PlyCount "129"]
[EventDate "2012.10.14"]
[EventType "team-tourn"]
[EventRounds "11"]
[EventCountry "CZE"]
[SourceTitle "EXT 2015"]
[Source "ChessBase"]
[SourceDate "2014.11.20"]
[SourceVersion "1"]
[SourceVersionDate "2014.11.20"]
[SourceQuality "1"]
[WhiteTeam "Postovni sporitelna II"]
[BlackTeam "Mlada Boleslav"]
[WhiteTeamCountry "CZE"]
[BlackTeamCountry "CZE"]

1. d4 Nf6 2. Nf3 d6 3. Bf4 g6 4. e3 Bg7 5. h3 0-0 6. Bc4 Nfd7 7. 0-0 e5 8. Bg5 Qe8 9. Nc3 Nb6 10. Bb3 Kh8 11. dxe5 dxe5 12. e4 Na6 13. Nd5 Nd7 14. Bc4 c6 15. Ne7 Nac5 16. Re1 Nb6 17. Nxc8 Nxc4 18. Nd6 Qe6 19. Nxc4 Qxc4 20. b3 Qe6 21. Qe2 Qe8 22. Rad1 Ne6 23. Be3 Qe7 24. c3 Rfd8 25. Rxd8+ Qxd8 26. Rd1 Qc7 27. Ng5 Nxg5 28. Bxg5 h6 29. Be3 Rd8 30. Rxd8+ Qxd8 31. Bxa7 Qa5 32. Be3 Qxc3 33. Qd2 Qxd2 34. Bxd2 Kg8 35. Kf1 Kf8 36. Ke2 Ke7 37. Kd3 Kd7 38. Kc4 Bf8 39. a4 h5 40. Be3 Be7 41. Bc5 Bd8 42. b4 Bh4 43. b5 Bd8 44. b6 Bg5 45. Bb4 Bd8 46. a5 Bh4 47. g3 Bd8 48. Bf8 Bg5 49. Bb4 Bd8 50. Ba3 f6 51. Bb4 f5 52. exf5 gxf5 53. Bc3 Kd6 54. f4 exf4 55. gxf4 Kd7 56. Be5 Kc8 57. Kc5 Be7+ 58. Bd6 Bh4 59. Kd4 Be1 60. Ke5 Bxa5 61. Bc5 Kd7 62. Kxf5 Bd2 63. Ke5 Bc3+ 64. Kf5 Bd2 65. Ke5 1/2-1/2

[Event "CZE-chT2B 1213"]
[Site "Czech Republic"]
[Date "2013.02.03"]
[Round "8.3"]
[White "Slapnicka, Karel"]
[Black "Vodicka, Vlastimil"]
[Result "0-1"]
[WhiteElo "2029"]
[BlackElo "2124"]
[PlyCount "98"]
[EventDate "2012.10.14"]
[EventType "team-tourn"]
[EventRounds "11"]
[EventCountry "CZE"]
[SourceTitle "EXT 2015"]
[Source "ChessBase"]
[SourceDate "2014.11.20"]
[SourceVersion "1"]
[SourceVersionDate "2014.11.20"]
[SourceQuality "1"]
[WhiteTeam "Kralupy nad Vltavou"]
[BlackTeam "Mlada Boleslav"]
[WhiteTeamCountry "CZE"]
[BlackTeamCountry "CZE"]

1. e4 c5 2. Nf3 e6 3. d4 cxd4 4. Nxd4 Nf6 5. Nc3 d6 6. Be3 Be7 7. Be2 Nc6 8. 0-0 0-0 9. a4 Bd7 10. Kh1 Nxd4 11. Qxd4 Bc6 12. f4 Qb6 13. Qxb6 axb6 14. Bf3 Nd7 15. b4 Bf6 16. b5 Bxc3 17. bxc6 bxc6 18. Rab1 c5 19. Rfd1 e5 20. Rxd6 exf4 21. Bxf4 Be5 22. Bxe5 Nxe5 23. Rdxb6 Rxa4 24. R6b5 Rc4 25. R5b2 g6 26. h3 Kg7 27. Rd1 Rd4 28. Rxd4 cxd4 29. Be2 Rc8 30. Kg1 Rc3 31. Kf2 h5 32. Rb4 Nc6 33. Rc4 Rxc4 34. Bxc4 Ne5 35. Bb5 h4 36. g3 g5 37. g4 Kf6 38. Ke1 Ng6 39. Kf2 Nf4 40. Bf1 Ke5 41. Kf3 f6 42. Bb5 Nxh3 43. Bc6 Nf4 44. Kf2 Kd6 45. Be8 Ke7 46. Bc6 Ng6 47. Bb7 Ne5 48. Bc8 Kd6 49. Bf5 Kc5 0-1

[Event "CZE-chT2B 1213"]
[Site "Czech Republic"]
[Date "2012.12.02"]
[Round "4.3"]
[White "Fiala, Jaroslav"]
[Black "Vodicka, Vlastimil"]
[Result "1/2-1/2"]
[WhiteElo "2207"]
[BlackElo "2124"]
[PlyCount "25"]
[EventDate "2012.10.14"]
[EventType "team-tourn"]
[EventRounds "11"]
[EventCountry "CZE"]
[SourceTitle "EXT 2015"]
[Source "ChessBase"]
[SourceDate "2014.11.20"]
[SourceVersion "1"]
[SourceVersionDate "2014.11.20"]
[SourceQuality "1"]
[WhiteTeam "Jicin II"]
[BlackTeam "Mlada Boleslav"]
[WhiteTeamCountry "CZE"]
[BlackTeamCountry "CZE"]

1. e4 c5 2. Nf3 d6 3. c3 Nf6 4. Be2 e6 5. 0-0 Nbd7 6. d3 Be7 7. Re1 0-0 8. Bf1 Ne5 9. Na3 Bd7 10. Nc2 Nxf3+ 11. Qxf3 Bc6 12. Qg3 Kh8 13. Ne3 1/2-1/2

[Event "CZE-chT1W 1213"]
[Site "Czech Republic"]
[Date "2012.10.28"]
[Round "1.8"]
[White "Vodicka, Vlastimil"]
[Black "Novotny, Jaroslav"]
[Result "1/2-1/2"]
[WhiteElo "2124"]
[BlackElo "2165"]
[PlyCount "42"]
[EventDate "2012.10.28"]
[EventType "team-tourn"]
[EventRounds "11"]
[EventCountry "CZE"]
[SourceTitle "EXT 2013"]
[Source "ChessBase"]
[SourceDate "2012.11.22"]
[SourceVersion "1"]
[SourceVersionDate "2012.11.22"]
[SourceQuality "1"]
[WhiteTeam "Vysehrad"]
[BlackTeam "Jicin"]
[WhiteTeamCountry "CZE"]
[BlackTeamCountry "CZE"]

1. d4 d5 2. c4 c6 3. Nf3 Nf6 4. Nc3 e6 5. Bg5 Nbd7 6. e3 Qa5 7. Nd2 Bb4 8. Qc2 0-0 9. Be2 c5 10. 0-0 cxd4 11. Nb3 Qb6 12. exd4 dxc4 13. Bxc4 Qc7 14. Qe2 Bxc3 15. bxc3 b6 16. Rac1 Bb7 17. Nd2 Rac8 18. Bd3 Rfe8 19. f4 Qd6 20. Nc4 Qd5 21. Ne3 Qa5 1/2-1/2

[Event "CZE-chT rap"]
[Site "Pardubice"]
[Date "2012.07.15"]
[Round "6.3"]
[White "Vodicka, Vlastimil"]
[Black "Vltavsky, Vladimir"]
[Result "1/2-1/2"]
[WhiteElo "2120"]
[BlackElo "2205"]
[PlyCount "57"]
[EventDate "2012.07.12"]
[EventType "team-swiss"]
[EventRounds "7"]
[EventCountry "CZE"]
[SourceTitle "EXT 2013"]
[Source "ChessBase"]
[SourceDate "2012.11.22"]
[SourceVersion "1"]
[SourceVersionDate "2012.11.22"]
[SourceQuality "1"]

1. d4 e6 2. Nf3 Nf6 3. e3 b6 4. Bd3 Bb7 5. 0-0 c5 6. b3 Be7 7. Bb2 0-0 8. Qe2 d6 9. c4 Nbd7 10. Nc3 a6 11. Rad1 Qc7 12. Bb1 Rfe8 13. Rfe1 Rad8 14. h3 Qb8 15. e4 cxd4 16. Rxd4 Qa8 17. Nh2 Bf8 18. Ng4 Nxg4 19. hxg4 Nc5 20. g5 e5 21. Rdd1 Ne6 22. Qg4 Be7 23. Bc1 Qc8 24. Na4 Qc7 25. Be3 Nc5 26. Nc3 Ne6 27. Na4 Nc5 28. Nc3 Ne6 29. Na4 1/2-1/2

[Event "CZE-chT2C 1112"]
[Site "Czech Republic"]
[Date "2012.03.25"]
[Round "10.5"]
[White "Vodicka, Vlastimil"]
[Black "Janda, Jiri"]
[Result "1-0"]
[WhiteElo "2086"]
[BlackElo "2232"]
[PlyCount "65"]
[EventDate "2011.10.09"]
[EventType "team-tourn"]
[EventRounds "11"]
[EventCountry "CZE"]
[SourceTitle "EXT 2013"]
[Source "ChessBase"]
[SourceDate "2012.11.22"]
[SourceVersion "1"]
[SourceVersionDate "2012.11.22"]
[SourceQuality "1"]
[WhiteTeam "Vysehrad II"]
[BlackTeam "Kobylisy"]
[WhiteTeamCountry "CZE"]
[BlackTeamCountry "CZE"]

1. d4 Nf6 2. c4 c5 3. d5 e6 4. Nc3 exd5 5. cxd5 Bd6 6. Bg5 0-0 7. Nf3 Re8 8. e3 h6 9. Bh4 a6 10. a4 Bc7 11. Be2 d6 12. Nd2 Nbd7 13. 0-0 Ne5 14. h3 Rb8 15. e4 Ng6 16. Bg3 Bd7 17. f4 b5 18. axb5 axb5 19. Bd3 c4 20. Bc2 Bb6+ 21. Kh2 b4 22. Ne2 Qc7 23. f5 Ne5 24. Bh4 Nh7 25. Nf3 f6 26. Nfd4 Ng5 27. Bg3 Nd3 28. Bxd3 cxd3 29. Qxd3 Nxe4 30. Ne6 Bxe6 31. fxe6 Nc5 32. Qg6 Kh8 33. Nd4 1-0